Statistics for Heart Of Stone - SIX The Musical - Lyrics

Click here to take the quiz!

General Stats

  • This quiz has been taken 60 times
  • The average score is 317 of 394

Answer Stats

CharacterLyrics% Correct
A
93%
a
93%
heart
93%
I
93%
You
93%
you
93%
But
90%
but
90%
do
90%
know
90%
know,
90%
can
88%
go
88%
it
88%
It
88%
me
88%
stone
88%
Jane SeymourStone
88%
The
88%
the
88%
be
85%
best
85%
changes
85%
good
85%
got
85%
I'll
85%
i'll
85%
I'm
85%
My
85%
my
85%
Your
85%
your
85%
And
83%
down
83%
of
83%
restless
83%
stand
83%
to
83%
try
83%
unbreakable
83%
When
83%
when
83%
blown
80%
don't
80%
has
80%
love
80%
see
80%
son
80%
still
80%
test
80%
that
80%
up
80%
You'll
80%
care
78%
'Cause
78%
could
78%
dry
78%
find
78%
fire's
78%
grow
78%
him
78%
in
78%
is
78%
never
78%
one
78%
only
78%
say
78%
tide,
78%
too
78%
unshakeable
78%
water's
78%
wind
78%
Jane SeymourYou've
78%
always
75%
disappear
75%
dried
75%
ever
75%
fair
75%
fall
75%
hand
75%
have
75%
hold
75%
I'd
75%
let
75%
lift
75%
mean
75%
storm
75%
tear
75%
untameable
75%
us
75%
without
75%
build
73%
came
73%
close
73%
come
73%
family
73%
for
73%
high
73%
isn't
73%
knew
73%
loved
73%
perfect
73%
stay
73%
took
73%
truthfully
73%
way
73%
we're
73%
will
73%
withstand
73%
words
73%
world
73%
you're
73%
Any
70%
here
70%
inside
70%
I've
70%
Promised
70%
those
70%
river
68%
solidified
68%
something
68%
blew
65%
burnt
65%
its
65%
or
65%
side
65%
Soon
65%
alone
63%
behind
63%
blaze
63%
He'll
63%
leave
63%
like
63%
runs
63%
scars
63%
Yeah
63%
You'd
63%
hope
60%
by
58%
set
58%
break
53%
Jane SeymourCan't
48%
no,
38%
Jane SeymourOoh!
25%

Score Distribution

Percentile by Number Answered

Percent of People with Each Score

Your Score History

You have not taken this quiz